It looks like you're offline.
Open Library logo
additional options menu

MARC record from Internet Archive

LEADER: 01619cam 2200445Ia 4500
001 ocm55119289
003 OCoLC
005 20160209064153.0
008 040511s2004 ilua 000 0 eng d
040 $aXZH$beng$cXZH$dIEF$dWIH$dQBX$dOCL$dBAKER$dBTCTA$dOCLCA$dOCLCF$dOCLCQ
020 $a1582617279
020 $a9781582617275
035 $a(OCoLC)55119289
037 $a1231580$bQBI
043 $an-us-in
050 4 $aGV1033.5.I55$bA78 2004
082 04 $a796.72/09772/52$222
082 14 $a796.72$214
100 1 $aArute, Jack.
245 10 $aJack Arute's tales from the Indy 500 /$cJack Arute with Jenna Fryer.
246 3 $aTales from the Indy 500
260 $a[Champaign, Ill.] :$bSports Pub.,$c℗♭2004.
300 $a173 pages :$billustrations ;$c22 cm
336 $atext$btxt$2rdacontent
337 $aunmediated$bn$2rdamedia
338 $avolume$bnc$2rdacarrier
611 20 $aIndianapolis Speedway Race$vAnecdotes.
650 0 $aAutomobile racing$zIndiana.
650 0 $aAutomobile racing drivers$vAnecdotes.
611 27 $aIndianapolis Speedway Race.$2fast$0(OCoLC)fst01409314
650 7 $aAutomobile racing.$2fast$0(OCoLC)fst00823132
650 7 $aAutomobile racing drivers.$2fast$0(OCoLC)fst00823150
651 7 $aIndiana.$2fast$0(OCoLC)fst01204604
655 7 $aAnecdotes.$2fast$0(OCoLC)fst01423876
700 1 $aFryer, Jenna.
938 $aBaker & Taylor$bBKTY$c19.95$d14.96$i1582617279$n0004376985$sactive
938 $aBaker and Taylor$bBTCP$nBK0004376985
938 $aQuality Books, Inc.$bQUAL$nqbi04700212
994 $aZ0$bPMR
948 $hNO HOLDINGS IN PMR - 69 OTHER HOLDINGS